<?xml version="1.0" encoding="UTF-8"?>
<record
    xmlns:xsi="http://www.w3.org/2001/XMLSchema-instance"
    xsi:schemaLocation="http://www.loc.gov/MARC21/slim http://www.loc.gov/standards/marcxml/schema/MARC21slim.xsd"
    xmlns="http://www.loc.gov/MARC21/slim">

  <leader>02159cam a22002651  4500</leader>
  <controlfield tag="001">f  01001017 </controlfield>
  <controlfield tag="003">DLC</controlfield>
  <controlfield tag="005">20260227111239.0</controlfield>
  <controlfield tag="008">720623m18731892fr aceh  b    000 0 fre  </controlfield>
  <datafield tag="010" ind1=" " ind2=" ">
    <subfield code="a">f  01001017 </subfield>
  </datafield>
  <datafield tag="035" ind1=" " ind2=" ">
    <subfield code="a">(OCoLC)340099</subfield>
  </datafield>
  <datafield tag="040" ind1=" " ind2=" ">
    <subfield code="a">DLC</subfield>
    <subfield code="c">ODaWU</subfield>
    <subfield code="d">OCoLC</subfield>
    <subfield code="d">DLC</subfield>
  </datafield>
  <datafield tag="042" ind1=" " ind2=" ">
    <subfield code="a">premarc</subfield>
  </datafield>
  <datafield tag="050" ind1="0" ind2="0">
    <subfield code="a">PQ1603</subfield>
    <subfield code="b">.A16</subfield>
  </datafield>
  <datafield tag="100" ind1="1" ind2=" ">
    <subfield code="a">Aubign&#xE9;, Agrippa d',</subfield>
    <subfield code="d">1552-1630.</subfield>
  </datafield>
  <datafield tag="245" ind1="1" ind2="0">
    <subfield code="a">&#x152;uvres compl&#xE8;tes de Th&#xE9;odore Agrippa d'Aubign&#xE9;,</subfield>
    <subfield code="c">pub. pour la premi&#xE8;re fois d'apr&#xE8;s les manuscrits originaux accompagn&#xE9;es de notices biograhique, litt&#xE9;raire &amp; bibliographique, de variantes, d'un commentaire, d'une table des noms propres &amp; d'un glossaire, par Eug. R&#xE9;aume &amp; F. de Caussade ...</subfield>
  </datafield>
  <datafield tag="260" ind1=" " ind2=" ">
    <subfield code="a">Paris,</subfield>
    <subfield code="b">A. Lemerre,</subfield>
    <subfield code="c">1873-92.</subfield>
  </datafield>
  <datafield tag="300" ind1=" " ind2=" ">
    <subfield code="a">6 v.</subfield>
    <subfield code="b">front. (port.) illus. (plan) facsims.</subfield>
    <subfield code="c">21 cm.</subfield>
  </datafield>
  <datafield tag="500" ind1=" " ind2=" ">
    <subfield code="a">Title of v. 5-6 reads: "&#x152;uvres compl&#xE8;tes de Th&#xE9;odore Agrippa d'Aubign&#xE9;, pub. pour la premi&#xE8;re fois d'apr&#xE8;s les manuscrits originaux par MM. Eug. R&#xE9;aume et de Caussade, accompagn&#xE9;es de notices biographique, litt&#xE9;raire &amp; bibliographique, de notes &amp; variantes, d'une table des nomes propres &amp; d'un glossaire, par A. Legou&#xEB;z."</subfield>
  </datafield>
  <datafield tag="505" ind1="0" ind2=" ">
    <subfield code="a">t. 1. Introduction. Sa vie &#xE0; ses enfants. Testament de Th. Agrippa d' Aubign&#xE9;. Lettres. 1873.--t. 2. Trait&#xE9; sur les guerres civiles. Du debvoir mutuel des roys et des subjects. Le Caducee ou L'ange de paix. M&#xE9;ditations sur les Pseaumes. Confession catholique du sieur de Sancy. Les avantures du baron de F&#xE6;neste. Le divorce satyrique. Lettres diverses. 1877.--t. 3. Le printemps. Po&#xE9;sies. La cr&#xE9;ation. 1874.--t. 4. Les tragiques. Discours par stances avec l'esprit du feu roy Henry Quatriesme. Sonnets &#xE9;pigrammatiques. Pi&#xE8;ces &#xE9;pigrammatiques. Tombeaux du style de Sainct-Innocent. Appendices: Pi&#xE8;ces tir&#xE9;es de sources diverses. 1877.--t. 5. Notice. I. Biographie. II. Appr&#xE9;ciation litt&#xE9;raire. Bibliographie. Notes et variantes. 1891.--t. 6. Table des nomes de personnes. Glossaire. 1892.</subfield>
  </datafield>
  <datafield tag="600" ind1="1" ind2="0">
    <subfield code="a">Aubign&#xE9;, Agrippa d',</subfield>
    <subfield code="d">1552-1630.</subfield>
  </datafield>
  <datafield tag="700" ind1="1" ind2=" ">
    <subfield code="a">Caussade, Fran&#xE7;oise de,</subfield>
    <subfield code="d">1841-1894,</subfield>
    <subfield code="e">joint ed.</subfield>
  </datafield>
  <datafield tag="700" ind1="1" ind2=" ">
    <subfield code="a">R&#xE9;aume, Eug&#xE8;ne,</subfield>
    <subfield code="e">ed.</subfield>
  </datafield>
  <datafield tag="700" ind1="1" ind2=" ">
    <subfield code="a">Legou&#xEB;z, A.</subfield>
  </datafield>
  <datafield tag="999" ind1=" " ind2=" ">
    <subfield code="c">22509</subfield>
    <subfield code="d">22509</subfield>
  </datafield>
</record>
